CLIC Espèces animales en France / autochtones ou Allochtones - Statistiques

Statistiques générales
  • Ce quiz a été pris 16 fois
  • Le résultat moyen est 24 sur 40
Statistiques - réponses
Hint Réponse % Correct
Perruche à collier Allochtone
86%
Loir gris Autochtone
86%
Isard Autochtone
86%
Campagnol terrestre Autochtone
86%
Belette Autochtone
86%
Ecureuil roux Autochtone
79%
Cerf étaphe Autochtone
79%
Wallaby de Bennett Allochtone
71%
Mulot à collier Autochtone
71%
Ours brun Autochtone
71%
Chat sauvage Autochtone
71%
Taupe aveugle Autochtone
71%
Renard roux Autochtone
71%
Lièvre brun Autochtone
71%
Hérisson commun Autochtone
71%
Lérot commun Autochtone
71%
Mouflon à manchettes Allochtone
64%
Cygne noir Allochtone
64%
Raton laveur Allochtone
64%
Ecureuil gris Allochtone
64%
Ecureuil à ventre rouge Allochtone
64%
Lapin de garenne Autochtone
64%
Hermine Autochtone
64%
Musaraigne couronnée Autochtone
64%
Ragondin Allochtone
57%
Dauphin bleu et blanc Autochtone
57%
Oie cendrée Autochtone
57%
Daim Allochtone
50%
Grande noctule Autochtone
50%
Grand cachalot Autochtone
50%
Grand hamster Autochtone
50%
Ibis sacré Allochtone
43%
Canard mandarin Allochtone
43%
Zibeline Autochtone
43%
Rat musqué Allochtone
36%
Petit rorqual Autochtone
36%
Souris grise Allochtone
29%
Faisan vénéré Allochtone
29%
Rat noir Allochtone
14%
Fouine Allochtone
7%
Aucun quiz correspondant
Distribution des résultats
% des personnes avec chaque résultat
Percentile par nombre de réponses
Votre historique - résultats
Vous n’avez pas pris ce quiz